000 00376nam a2200145Ia 4500
008 230711s9999||||xx |||||||||||||| ||und||
041 _aENG
082 _a624
_bPR-I
100 _aPrataprao,M
245 0 _aInterior design : principles and practice
250 _a1st Ed.
260 _c1999
_aNew Delhi
_bStandard Publishing Distributors
650 _aArchitecture
942 _cBK
999 _c3766
_d3766